[Event "Pirgou Sphlios op 2nd"]
[Site "Greece"]
[Date "2007.08.17"]
[Round "4"]
[White "Foyfopoylos, A."]
[Black "Vazelakis, Dimitrios"]
[Result "1/2-1/2"]
[WhiteElo "1515"]
[BlackElo "1950"]
[PlyCount "65"]
[EventDate "2007.08.16"]
[EventType "swiss"]
[EventRounds "7"]
[EventCountry "GRE"]
[SourceTitle "EXT 2008"]
[Source "ChessBase"]
[SourceDate "2007.11.25"]
[SourceVersion "1"]
[SourceVersionDate "2007.11.25"]
[SourceQuality "1"]

1. e4 e6 2. d4 d5 3. exd5 Qxd5 4. Nf3 Nf6 5. c4 Qd8 6. Be2 Be7 7. 0-0 0-0 8. a3 c5 9. dxc5 Bxc5 10. b4 Be7 11. Bb2 a5 12. b5 Nbd7 13. Nc3 Qc7 14. Qc2 b6 15. Ne4 Bb7 16. Bd3 Nxe4 17. Bxe4 Bxe4 18. Qxe4 Bf6 19. Bxf6 Nxf6 20. Qe2 Rac8 21. Ne5 Nd7 22. Nc6 Nb8 23. Nxb8 Qxb8 24. Rfd1 Qc7 25. Rac1 Rfd8 26. h3 Qc5 27. Qa2 e5 28. Qb3 Kf8 29. Rxd8+ Rxd8 30. Qf3 Qd6 31. Qe3 Qd4 32. c5 bxc5 33. Rxc5 1/2-1/2